|
|
|
|
| LEADER |
01494nam a2200277 a 4500 |
| 001 |
GR-MES16604 |
| 008 |
140721s2012 gr gz 000 0 gre d |
| 040 |
|
|
|a GrPaTEI
|b gre
|c GR-PaULI
|
| 040 |
|
|
|a GrPaTEI
|b gre
|c GR-PaULI
|
| 100 |
1 |
|
|a Ζένιου, Εύη Δημητρίου
|
| 245 |
1 |
0 |
|a Επιχείρηση και οικονομική κρίση :
|b μελέτη περίπτωσης /
|c Σπουδάστριες:Εύη Δημητρίου Ζένιου,Παρασκευή Αριστείδου Σώρρα ; Επιβλέπων:Παναγιώτης Χονδρός.
|
| 260 |
|
|
|a Μεσολόγγι :
|b ΤΕΙ Δυτικής Ελλάδας,
|c 2012
|
| 300 |
|
|
|a 119 σ. :
|b εικ.,σχημ.
|
| 504 |
|
|
|a βιβλιογραφία:σ.100
|
| 650 |
|
4 |
|a Μικρομεσαίες επιχειρήσεις
|
| 650 |
|
4 |
|a Οικονομικές κρίσεις
|z Ελλάς
|
| 650 |
|
4 |
|a Πτυχιακή εργασία
|y 2012
|
| 700 |
1 |
|
|a Σώρρα, Παρασκευή Αριστείδου
|
| 700 |
1 |
|
|a Χονδρός, Παναγιώτης
|
| 710 |
0 |
|
|a ΤΕΙ Δυτικής Ελλάδας
|
| 710 |
2 |
|
|a Σ.Δ.Ο. Τμήμα Λογιστικής
|
| 856 |
4 |
0 |
|u https://nereus.library.upatras.gr/formermes//ptyxiakes/sdo/sdo_log/2011-2015/186pe.pdf
|
| 942 |
|
|
|2 ddc
|
| 952 |
|
|
|0 0
|1 0
|2 ddc
|4 0
|7 0
|9 274609
|a MSLG
|b MSLG
|c BSC
|d 2021-01-17
|e 24
|f 0
|g 0.00
|l 0
|p 24200186
|r 2021-01-17 00:00:00
|t 1
|v 2021.00
|w 2021-01-17
|y BK15
|x 20140721 0 K.G. 0
|x GrPaTEI
|
| 971 |
|
|
|a .b25826530
|b 16-04-20
|c 13-09-16
|
| 999 |
|
|
|c 158937
|d 158937
|